000 00442ntaaa2200181 4500
003 01
005 20251027201724.0
008 0714s1973 ag 01
040 _aAR-BaBN
_bspa
_cAR-BaBN
_eaacr
_dRIC
082 _a234.2000 C77
100 _aCook, Francisco S.
_915791
245 _aEl retablo de la fe
250 _a1 ed.
260 _aChicago :
_bEditorial Moody,
_cn.f.
300 _a128 p
650 _afe-personas de
_915792
942 _cBK
999 _c11884
_d11884